| 000 | 00476nam a2200169Ia 4500 | ||
|---|---|---|---|
| 008 | 180207s9999 xx 000 0 und d | ||
| 020 | _a785373071 | ||
| 050 | _bT627 2002 | ||
| 100 | _aToast, Sarah | ||
| 245 | 4 | _aThe virtue of responsibility : | |
| 245 | _bthe bell of Atri / | ||
| 245 | _cadapted by Sarah Toast ; illustrated by Jon Goodell. | ||
| 260 | _bPublications International, Ltd., | ||
| 260 | _c2002 | ||
| 300 | _aunpaged : | ||
| 300 | _bcolor illustration ; | ||
| 999 |
_c355239 _d355239 |
||